| 000 | 00853cam a22002537i 4500 | ||
|---|---|---|---|
| 001 | 18357971 | ||
| 005 | 20141217135626.0 | ||
| 008 | 141103s2014 xxkadk frb f001 0 eng d | ||
| 010 | _a2014469398 | ||
| 020 | _a9781107042834 (Hardback) | ||
| 020 | _a1107042836 (Hardback) | ||
| 040 |
_aNLE _beng _cNLE _dEYM _dIXA _dUKMGB _dOCLCF _dYDXCP _dDLC _dEG-ScBUE |
||
| 082 | 0 | 0 |
_a621.384 _222 _bHAM |
| 100 | 1 |
_aHampton, Jerry R. _936963 |
|
| 245 | 1 | 0 |
_aIntroduction to MIMO communications / _cJerry R. Hampton. |
| 260 |
_aCambridge, United Kingdom : _bCambridge University Press, _c2014. |
||
| 300 |
_axiii, 288 p. : _bcharts, forms, tables ; _c26 cm. |
||
| 500 | _aIndex : p. 285-288. | ||
| 504 | _aBibliography : p. 279-284. | ||
| 650 | 0 |
_aMIMO systems _923368 |
|
| 653 |
_bENGELC _cDecember2014 |
||
| 655 |
_vreading book _934232 |
||
| 942 |
_2ddc _k621.384 HAM |
||
| 999 |
_c18793 _d18765 |
||